Una interpretación de Cien años de Soledad

محفوظ في:
التفاصيل البيبلوغرافية
المؤلف الرئيسي: Cartín de Guier, Estrella
التنسيق: كتاب
اللغة:Undetermined
منشور في: San José, Costa Rica Editorial Costa Rica 1983
الطبعة:2
الموضوعات:
الوسوم: إضافة وسم
لا توجد وسوم, كن أول من يضع وسما على هذه التسجيلة!

MARC

LEADER 00000nam a2200000Ia 4500
008 170316s9999 xx 000 0 und d
090 |a 801 C-14u 
100 |a Cartín de Guier, Estrella 
245 |a Una interpretación de Cien años de Soledad 
250 |a 2 
260 |a San José, Costa Rica 
260 |b Editorial Costa Rica 
260 |c 1983 
300 |a 101 páginas 
650 |a TEORÍA LITERARIA 
650 |a ANÁLISIS - CIEN AÑOS DE SOLEDAD 
999 |c 20152  |d 20152 
040 |a cru BVZT 
942 |c 15 D  |h 801 C-14u  |2 z